000 00719nam a2200253 a 4500
001 000018696
003 OSt
005 20200930102138.0
008 100513s1994 sp r 000 f spa d
020 _a8423308030
040 _aDO-SdBNP
_bspa
_cBNPHU
082 _a853.91
_bS211a
100 1 _aSánchez Ferlosio, Rafael,
_d1927-
_914762
245 1 0 _aAlfanhuí /
_cRafael Sánchez Ferlosio.
260 _aBarcelona :
_bDestino,
_c1994.
300 _a223 p. ;
_c18 cm.
490 1 _aDestinilibro ;
_vvol. 47
590 _aInventariado, 2020 / DG
650 4 _aNovela italiana
_94322
650 4 _aLiteratura italiana
_93329
830 _nDestinolibro
_98086
910 _aInventariado, 2020 / DG
942 _2ddc
_cLF1
999 _c18216
_d18216